000 00619nam a2200181 4500
999 _c30629
_d30629
008 200107b ||||| |||| 00| 0 eng d
020 _a9780857297129
040 _aMksU
050 _aR834
_b.M33 2013
100 _aMacCarrick, Geraldine
245 _aQuality assurance in medical education :
_ba practical guide/
_cGeraldine MacCarrick
260 _aDordrecht :
_bSpringer,
_c 2013.
300 _ax, 81p. :
_bill. ;
_c21cm.
500 _aInclude index
650 _aMedical education
_x Accreditation
_yEvaluation
650 _aMedical education
_xStandards.
942 _2lcc
_cBOOKS
_hR834 .M33 2013